000 01072nam a2200313 i 4500
003 OSt
005 20211118132138.0
008 210321s2020 cc er 000 f chi d
020 _a9787020156047
_cRM64.90
_qhardback
040 _aPPAK
_beng
_cPPAK
_erda
041 1 _achi
_hjpn
082 0 4 _223
_a895.635
090 0 0 _a895.635
_bHIG
_dG
100 1 _6880-01
_aHigashino, Keigo,
_d1958-
_eauthor.
240 _a11 moji no satsujin
_lChinese.
245 1 0 _6880-02
_a11 zi mi an /
_cDongye Guiwu zhu ; Yang Enmei yi.
250 _aDi 1 ban.
264 1 _aBeijing, China :
_bPeople's Literature Publishing House,
_c2020
300 _a246 pages :
_c22 cm
336 _atext
_2rdacontent
337 _aunmediated
_2rdamedia
338 _avolume
_2rdacarrier
650 1 0 _aJapanese fiction
_vTranslation into chinese
650 1 0 _aMystery
_vFiction
700 1 _aEnyu, Yang,
_etranslator.
880 1 _6100-01
_a东野圭吾,
_d1958-
_e作者.
880 1 0 _6245-02
_a11字谜案 = The 11 word mysterious case /
_c东野圭吾著;羊恩媺译. 羊恩媺
942 _2ddc
_cB
999 _c182747
_d182747